000 00852nam a2200265 a 4500
001 50543
003 BD-RjUL
005 20211209075527.0
008 160827s1968 enk||||| |||| 00| 0 eng d
020 _a0126243506
035 _a(BD-RjUL)50663
040 _aBD-RjUL
_beng
_cBD-RjUL
041 _aeng
082 _223
_a001.4226
_bSCI 1981
100 _aSchiffman, Susan S.
_9151400
245 1 0 _aIntroduction to multidimensional scaling :
_btheory, methods, and applications /
_cSusan S. Schiffman, M. Lance Reynolds and Forrest W. Young
260 _aLondon :
_bAcademic Press,
_c1981
300 _axvi, 413 p. :
_bill. ;
_c23 cm
500 _aIncludes Index
650 _aMultidimensional scaling
_9151401
650 _aPsychometrics
_9124648
700 _aReynolds,M. Lance
_9151402
700 _aYoung, Forrest W.
_9151403
942 _2ddc
_cBK
999 _c50543
_d50543